| 000 | 00383nam a2200157Ia 4500 | ||
|---|---|---|---|
| 008 | 130318s9999 xx 000 0 und d | ||
| 020 | _a8173713049 | ||
| 082 | _a658.45 MAC/A | ||
| 100 | _aMackay, Ian | ||
| 245 | _aAsking questions | ||
| 260 |
_bUniversities Press _aHyderabad _c2000 |
||
| 300 | _a81 | ||
| 440 | _aManagement Shapers | ||
| 650 | _aCOMMUNICATION | ||
| 650 | _aMANAGEMENT | ||
| 999 |
_c24 _d24 |
||